[Event "94th Paris-ch  2019"]
[Site "Paris"]
[Date "2019.07.13"]
[Round "8.2"]
[White "Guliyev, Namig"]
[Black "Abergel, Thal"]
[Result "0-1"]
[WhiteElo "2551"]
[BlackElo "2450"]
[Annotator "TA"]
[PlyCount "50"]
[EventDate "2019.07.07"]
[EventType "swiss"]
[EventCountry "FRA"]
[SourceTitle "playchess.com"]
[Source "ChessBase"]
[SourceQuality "1"]

{[%evp 9,50,6,5,0,0,-43,-36,-40,-29,-26,-7,-12,0,0,0,0,12,-6,0,0,0,0,0,0,0,0,18,-16,5,32,127,121,129,117,128,127,127,127,119,-993,-990,-991,-971]} 1. e4 c5 2. Nf3 e6 3. g3 Nc6 4. Bg2 Nf6 5. Qe2 (5. d3 d5 6. Nbd2 Be7 7. O-O O-O 8. Re1 b5 9. a4 b4 10. e5 Nd7 11. Nf1 b3 12. c4 dxc4 13. dxc4 Rb8 14. Bd2 Qc7 15. Bc3 Rd8 16. N1d2 Bb7 17. Qe2 Ba8 {1-0 (57) Malakhov,V (2654)-Salgado Lopez,I (2624) Germany 2019}) 5... e5 6. c3 {B40: Sicilian: 2...e6, Unusual lines} Be7 7. d4 cxd4 8. cxd4 {Black is slightly better.} exd4 9. e5 $146 ({Predecessor:} 9. O-O O-O 10. Rd1 Bc5 11. b4 d3 12. Rxd3 Nxb4 {0-1 (65) Fataliyeva,U (2348)-Cosma,E (2333) Heraklio 2017}) 9... Ng4 10. Bf4 f6 11. exf6 Nxf6 12. O-O O-O 13. Na3 Bxa3 14. bxa3 d5 15. Qd3 Nh5 16. Bd2 Bf5 17. Qb3 Be4 18. Rfe1 {And now Rxe4 would win.} Qb6 19. Bb4 {Hoping for Rxe4.} Nxb4 (19... Bxf3 $1 $14 20. Bxf3 Nxb4 21. axb4 Nf6) 20. Rxe4 $1 $16 Nc2 {Threatens to win with ...Qxb3.} 21. Qxd5+ {[%mdl 64] [#] Double Attack} Kh8 {...Nf6 is the strong threat.} 22. Qxh5 {aiming for Ng5!} Nxa1 23. Ng5 {[%csl Gg5][%cal Rh5h7]} h6 {White must now prevent ...Qb1+.} ({Not} 23... Qb1+ $2 24. Bf1 $18) 24. Nf7+ $2 {[%mdl 8192] [#]} (24. Re7 $16 Qb1+ 25. Bf1) 24... Rxf7 $1 $19 {[%mdl 512]} 25. Qxf7 Qb1+ {Accuracy: White = 46%, Black = 60%.} 0-1

[Event "94th Paris-ch  2019"]
[Site "Paris"]
[Date "2019.07.13"]
[Round "8.3"]
[White "Chalmeta Ugas, Ramon"]
[Black "Bonte, Andrei-Mihai"]
[Result "1/2-1/2"]
[WhiteElo "2232"]
[BlackElo "2337"]
[Annotator "ChessBase"]
[PlyCount "91"]
[EventDate "2019.07.07"]
[EventType "swiss"]
[EventCountry "FRA"]
[SourceTitle "playchess.com"]
[Source "ChessBase"]
[SourceQuality "1"]
[TimeControl "5400+30"]

1. e4 {[%emt 0:00:00]} c5 {[%emt 0:01:38]} 2. Nf3 {[%emt 0:00:00]} Nc6 {[%emt 0:00:10]} 3. Bb5 {[%emt 0:00:02]} g6 {[%emt 0:01:04]} 4. Bxc6 {[%emt 0:00:26]} bxc6 {[%emt 0:00:42]} 5. c3 {[%emt 0:00:28]} Nf6 {[%emt 0:09:31]} 6. d3 {[%emt 0:03:24]} Bg7 {[%emt 0:02:17]} 7. O-O {[%emt 0:00:20]} O-O {[%emt 0:00:22]} 8. Re1 {[%emt 0:03:06]} d6 {[%emt 0:05:43]} 9. h3 {[%emt 0:01:39]} Rb8 {[%emt 0:02:26]} 10. Nbd2 {[%emt 0:08:20]} e5 {[%emt 0:16:05]} 11. Qc2 {[%emt 0:05:00]} Nh5 {[%emt 0:06:04]} 12. d4 {[%emt 0:05:17]} cxd4 {[%emt 0:00:10]} 13. cxd4 {[%emt 0:00:08]} exd4 {[%emt 0:00:04]} 14. Qxc6 {[%emt 0:01:55]} Nf4 {[%emt 0:00:02]} 15. Nc4 {[%emt 0:25:10]} Nd3 {[%emt 0:01:35]} 16. Rd1 {[%emt 0:06:33]} Ne5 {[%emt 0:20:27]} 17. Qxd6 {[%emt 0:05:36]} Nxf3+ {[%emt 0:00:23]} 18. gxf3 {[%emt 0:00:11]} Qxd6 {[%emt 0:00:43]} 19. Nxd6 {[%emt 0:00:11]} Bxh3 {[%emt 0:00:05]} 20. b3 {[%emt 0:06:48]} Be6 {[%emt 0:03:35]} 21. Ba3 {[%emt 0:05:09]} Rfd8 {[%emt 0:00:41]} 22. Rac1 {[%emt 0:00:48]} Rb6 {[%emt 0:03:08]} 23. Nc4 {[%emt 0:04:32]} Ra6 {[%emt 0:00:06]} 24. Rd3 {[%emt 0:01:22]} Rc8 {[%emt 0:03:44]} 25. Bb2 {[%emt 0:05:26]} Rxa2 {[%emt 0:09:24]} 26. Bxd4 {[%emt 0:00:09]} Bxd4 {[%emt 0:00:22]} 27. Rxd4 {[%emt 0:00:11]} a5 {[%emt 0:02:42]} 28. Rb1 {[%emt 0:02:46]} a4 {[%emt 0:01:12]} 29. Nb6 {[%emt 0:00:28]} Rcc2 {[%emt 0:03:18]} 30. Rxa4 {[%emt 0:00:07]} Rxf2 {[%emt 0:00:12]} 31. Rxa2 {[%emt 0:00:05]} Rxa2 {[%emt 0:00:05]} 32. b4 {[%emt 0:00:31]} Ra6 {[%emt 0:00:31]} 33. Nd5 {[%emt 0:00:17]} Bxd5 {[%emt 0:00:15]} 34. exd5 {[%emt 0:00:35]} Kf8 {[%emt 0:01:52]} 35. b5 {[%emt 0:01:56]} Rb6 {[%emt 0:00:11]} 36. Kf2 {[%emt 0:00:05]} Ke7 {[%emt 0:00:09]} 37. Ke3 {[%emt 0:00:05]} Kd6 {[%emt 0:00:08]} 38. Kd4 {[%emt 0:00:04]} Rb7 {[%emt 0:00:29]} 39. b6 {[%emt 0:00:20]} h5 {[%emt 0:01:06]} 40. f4 {[%emt 0:00:40]} f6 {[%emt 0:01:36]} 41. Rg1 {[%emt 0:01:02]} Rxb6 {[%emt 0:00:13]} 42. Rxg6 {[%emt 0:00:02]} Rb4+ {[%emt 0:00:15]} 43. Ke3 {[%emt 0:00:06]} Kxd5 {[%emt 0:00:26]} 44. Rxf6 {[%emt 0:00:10]} Rb3+ {[%emt 0:00:08]} 45. Kf2 {[%emt 0:00:09]} Ke4 {[%emt 0:01:08]} 46. Rh6 {[%emt 0:05:57] Ke5} 1/2-1/2

[Event "94th Paris-ch  2019"]
[Site "Paris"]
[Date "2019.07.13"]
[Round "8.4"]
[White "Albaric, Etienne"]
[Black "Moksh Amit Doshi"]
[Result "0-1"]
[WhiteElo "2225"]
[BlackElo "2229"]
[Annotator "ChessBase"]
[PlyCount "105"]
[EventDate "2019.07.07"]
[EventType "swiss"]
[EventCountry "FRA"]
[SourceTitle "playchess.com"]
[Source "ChessBase"]
[SourceQuality "1"]
[TimeControl "5400+30"]

1. e4 {[%emt 0:00:38]} c5 {[%emt 0:00:52]} 2. Nf3 {[%emt 0:00:03]} d6 {[%emt 0:00:07]} 3. Bb5+ {[%emt 0:00:03]} Nd7 {[%emt 0:00:09]} 4. O-O {[%emt 0:01:43]} a6 {[%emt 0:00:06]} 5. Bd3 {[%emt 0:00:04]} Ngf6 {[%emt 0:00:10]} 6. c3 {[%emt 0:01:16]} b5 {[%emt 0:00:09]} 7. Bc2 {[%emt 0:00:46]} Bb7 {[%emt 0:00:12]} 8. Re1 {[%emt 0:00:36]} c4 {[%emt 0:00:18]} 9. b4 {[%emt 0:08:23]} e5 {[%emt 0:02:13]} 10. d4 {[%emt 0:06:55]} cxd3 {[%emt 0:00:07]} 11. Bxd3 {[%emt 0:00:00]} Be7 {[%emt 0:00:18]} 12. a4 {[%emt 0:04:07]} O-O {[%emt 0:02:03]} 13. Nbd2 {[%emt 0:00:01]} Qb6 {[%emt 0:05:33]} 14. Qe2 {[%emt 0:10:20]} Bc6 {[%emt 0:06:20]} 15. Nb3 {[%emt 0:11:06]} d5 {[%emt 0:05:48]} 16. exd5 {[%emt 0:08:00]} Bxd5 {[%emt 0:05:02]} 17. Bc2 {[%emt 0:00:13]} bxa4 {[%emt 0:07:12]} 18. Na5 {[%emt 0:05:45]} Rfc8 {[%emt 0:03:46]} 19. Be3 {[%emt 0:06:12]} Qb8 {[%emt 0:04:10]} 20. Rec1 {[%emt 0:01:27]} e4 {[%emt 0:00:56]} 21. Nd4 {[%emt 0:05:47]} Rxc3 {[%emt 0:02:06]} 22. Rxa4 {[%emt 0:00:39]} Nb6 {[%emt 0:02:17]} 23. Raa1 {[%emt 0:01:07]} Bxb4 {[%emt 0:04:36]} 24. Bd2 {[%emt 0:00:26]} Bxa5 {[%emt 0:00:57]} 25. Rxa5 {[%emt 0:00:10]} Rc8 {[%emt 0:00:35]} 26. Nf5 {[%emt 0:02:24]} Qe5 {[%emt 0:03:51]} 27. Ne3 {[%emt 0:00:40]} Qe6 {[%emt 0:00:10]} 28. Rb1 {[%emt 0:02:30]} Nc4 {[%emt 0:02:50]} 29. Nxc4 {[%emt 0:02:28]} Bxc4 {[%emt 0:00:33]} 30. Qe3 Rab8 {[%emt 0:02:22]} 31. Rxb8 {[%emt 0:02:16]} Rxb8 {[%emt 0:00:05]} 32. Bc3 {[%emt 0:00:01]} Bd3 {[%emt 0:07:16]} 33. Bxd3 {[%emt 0:16:46]} exd3 {[%emt 0:00:06]} 34. Qxd3 {[%emt 0:00:07]} Qb3 {[%emt 0:00:14]} 35. h3 {[%emt 0:00:58]} Ne8 {[%emt 0:04:01]} 36. Qd4 {[%emt 0:00:45]} Rc8 {[%emt 0:01:08]} 37. Re5 {[%emt 0:01:26]} f6 {[%emt 0:01:30]} 38. Re3 {[%emt 0:00:18]} Qb5 {[%emt 0:00:48]} 39. Rg3 {[%emt 0:01:10]} Qb1+ {[%emt 0:01:38]} 40. Kh2 {[%emt 0:00:01]} Qb7 {[%emt 0:00:14]} 41. h4 {[%emt 0:00:28]} Qf7 {[%emt 0:00:23]} 42. Qb6 {[%emt 0:01:14]} Rc4 {[%emt 0:03:10]} 43. Qxa6 {[%emt 0:00:03]} Rxh4+ {[%emt 0:00:16]} 44. Kg1 {[%emt 0:00:25]} Qh5 {[%emt 0:05:24]} 45. Qe6+ {[%emt 0:00:11]} Kh8 {[%emt 0:00:05]} 46. f3 {[%emt 0:01:34]} Qc5+ {[%emt 0:01:54]} 47. Kf1 {[%emt 0:00:02]} Rh1+ {[%emt 0:02:10]} 48. Ke2 {[%emt 0:00:01]} Qb5+ {[%emt 0:00:34]} 49. Kd2 {[%emt 0:00:54]} Rf1 {[%emt 0:01:25]} 50. Bd4 {[%emt 0:01:21]} Qb4+ {[%emt 0:01:56]} 51. Bc3 {[%emt 0:00:22]} Qb5 {[%emt 0:01:03]} 52. Bd4 {[%emt 0:01:02]} Qa4 {[%emt 0:00:05]} 53. Ke2 {[%emt 0:00:43]} 0-1

[Event "94th Paris-ch  2019"]
[Site "Paris"]
[Date "2019.07.13"]
[Round "8.5"]
[White "Stephan, Victor"]
[Black "Flom, Gabriel"]
[Result "1/2-1/2"]
[WhiteElo "2358"]
[BlackElo "2494"]
[Annotator "TA"]
[PlyCount "120"]
[EventDate "2019.07.07"]
[EventType "swiss"]
[EventCountry "FRA"]
[SourceTitle "playchess.com"]
[Source "ChessBase"]
[SourceQuality "1"]

{[%evp 14,120,47,23,21,15,30,6,11,13,18,8,19,20,10,-6,21,0,0,0,0,-8,-7,-10,-13,-16,0,-33,-47,-48,-29,-23,-25,-50,-27,-22,-28,-19,-25,-21,-43,-35,-15,-23,-12,-56,-56,-56,-56,-64,-62,-64,-32,-67,-58,-94,-77,-80,-79,-66,-71,-168,-166,-154,-141,-254,-251,-244,-238,-225,-68,-95,-8,-8,-8,-186,0,0,0,0,0,0,0,-8,-8,-8,-8,-8,-8,-8,0,0,0,0,0,0,0,0,0,0,0,0,0,0,0,0,0,0,0]} 1. d4 d6 2. Nf3 g6 3. c4 f5 4. Nc3 Nf6 5. g3 Bg7 6. Bg2 O-O 7. O-O Qe8 8. Nd5 Nxd5 {A87: Dutch Defence: Leningrad System: 5 Nf3} 9. cxd5 Nd7 10. Be3 $146 ({Predecessor:} 10. Ng5 Nf6 11. Qb3 h6 12. Ne6 Bxe6 13. dxe6 Rb8 14. Be3 {½-½ (41) Wecker,M (2143)-Pruijssers,R (2514) Ortisei 2018}) 10... Nf6 11. Ng5 h6 12. Ne6 Bxe6 $1 13. dxe6 c6 14. Qb3 Rb8 15. d5 Nxd5 16. Bxd5 cxd5 17. Qxd5 Qc6 18. Qd2 g5 19. Bxa7 Rbc8 20. Bd4 Qc2 21. Rad1 Bxd4 22. Qxd4 Qxe2 23. Rfe1 Qc4 24. Qb6 Qa6 25. Qb3 Rc5 26. Rd5 Rxd5 27. Qxd5 $11 {[%mdl 4096] Endgame KQR-KQR} Qc6 28. Qd4 f4 29. Qe4 Qxe4 30. Rxe4 fxg3 31. hxg3 $15 {KR-KR} b5 32. g4 Rc8 33. Kg2 Kg7 34. Re3 Rc4 35. Kg3 Kf6 36. a3 Rc2 37. b3 (37. Rb3 $17) 37... Ra2 $19 38. b4 Rc2 39. f4 (39. a4 $17 {is a better defense.}) 39... gxf4+ 40. Kxf4 {intending Ke4.} Rc4+ 41. Kf3 {[#]} d5 $2 (41... Kg5 $1 $19 42. Re2 Rxg4) 42. Re1 h5 (42... Rc3+ $17 43. Kf4 Rh3) 43. gxh5 $11 {White wants to play Rh1.} Rh4 44. Ke3 $2 (44. Rc1 $1 $11) 44... Ke5 $2 ({And not} 44... Rxh5 45. Kd4 $14) ({Better is} 44... Kxe6 $19 45. Rc1 Rxh5) 45. Kd3+ {The position is equal.} Kd6 46. Rc1 Rxh5 47. Rc5 Ke5 48. Rxb5 Rh3+ 49. Kd2 Rxa3 50. Rb6 d4 51. b5 Ke4 {[#] And now ...Ra2+ would win.} 52. Rb7 Ra2+ 53. Kc1 d3 54. Rxe7 {Threatens to win with Rd7.} Ke3 {( -> ...d2+)} 55. Rd7 Rc2+ $1 56. Kb1 Rc5 $1 57. e7 Rxb5+ 58. Kc1 Re5 59. Kd1 Re6 60. Ra7 Re4 {Accuracy: White = 45%, Black = 70%.} 1/2-1/2

[Event "94th Paris-ch  2019"]
[Site "Paris"]
[Date "2019.07.13"]
[Round "8.6"]
[White "Sochacki, Christophe"]
[Black "Bharath Subramaniyam H"]
[Result "1-0"]
[WhiteElo "2481"]
[BlackElo "2405"]
[Annotator "TA"]
[PlyCount "157"]
[EventDate "2019.07.07"]
[EventType "swiss"]
[EventCountry "FRA"]
[SourceTitle "playchess.com"]
[Source "ChessBase"]
[SourceQuality "1"]

{[%evp 14,157,70,70,94,70,71,65,74,33,37,20,15,18,17,0,5,0,38,-20,-10,-12,-16,-21,0,0,0,0,24,-15,25,0,0,0,0,0,0,0,25,4,22,25,24,26,22,10,13,13,9,26,14,10,7,11,11,4,57,4,4,4,8,9,18,9,9,9,11,11,13,16,20,18,37,25,41,41,63,75,129,162,253,304,281,216,235,235,235,218,202,130,256,243,530,519,519,472,682,633,840,826,723,252,245,242,304,304,304,304,304,304,2525,2511,2439,838,831,778,2412,2435,2066,1888,12840,12841,29948,5097,29956,29957,29961,12379,29979,29980,29980,29979,29979,29980,29980,29981,29981,29982,29982,29983,29983,29983,29983,29984,29983,29985]} 1. d4 Nf6 2. Bg5 Ne4 3. Bf4 c5 4. f3 Nf6 5. dxc5 Qa5+ 6. Qd2 Qxc5 7. e4 d6 8. Nc3 Nc6 {A45: Trompowsky Attack} (8... Nbd7 9. Be3 Qc6 10. Nge2 e5 11. Nc1 Be7 12. Be2 O-O 13. a4 Nb6 14. N1a2 d5 15. Bb5 Qd6 16. a5 {1-0 (54) Vitiugov,N (2742)-Cheparinov,I (2682) Dubai 2014}) 9. Nge2 g6 10. Be3 Qa5 {White is slightly better.} 11. Nd5 {Black must now prevent Qxa5.} (11. Nd4 {feels hotter.} h5 12. Nb3 Qd8 13. O-O-O Bg7 14. Be2) 11... Qxd2+ 12. Bxd2 {Threatens to win with Nc7+.} (12. Kxd2 {keeps more tension.} Nxd5 13. exd5 Nb4 14. c4 Bg7 15. Nc3) 12... Nxd5 13. exd5 Ne5 14. Bc3 Rg8 $146 ({Predecessor:} 14... f6 15. f4 {1-0 (32) Boehnisch,M (2316)-Gandolfi,G (1780) Rijeka 2010}) 15. Nd4 Bd7 16. Be2 (16. Nb5 $14 Kd8 17. O-O-O) 16... Rc8 $11 17. O-O-O Bg7 18. Rhe1 Nc4 19. Bxc4 Rxc4 20. Re4 b5 21. a3 (21. Rde1 $5 {[%cal Re4e7]} Kd8 22. Ba5+ Kc8 23. Nc6 Bxc6 24. Rxc4 (24. dxc6 e6 $11) 24... bxc4 25. dxc6 $11) 21... a5 22. Rde1 Be5 {And now ...b4 would win.} 23. Nb3 {Hoping for Rxc4.} Rxe4 24. Rxe4 Bxc3 25. bxc3 {[%mdl 4096] Endgame KRB-KRN} a4 26. Na5 e6 27. c4 Ke7 28. cxb5 Bxb5 29. Rb4 Bf1 30. Nc6+ Kf6 31. g3 Ra8 32. Rf4+ Kg7 33. dxe6 fxe6 34. Rd4 Ra6 (34... Kf6 $11) 35. Rxd6 (35. Nb4 $14 Rb6 36. Na2) 35... Kf6 $1 36. Rd1 $1 {aiming for Nb4.} Be2 37. Rd2 {Strongly threatening Nb4.} Bxf3 38. Rf2 Rxc6 39. Rxf3+ {KR-KR} Ke7 40. Rf4 Ra6 $1 41. Kd2 e5 42. Rb4 Kd6 43. Kd3 h5 44. Ke4 Ke6 45. h4 Kd6 ({Black should play} 45... Rc6) 46. c4 $1 $16 Kc5 (46... Rc6 {was necessary.} 47. Rxa4 Ke6) 47. Kxe5 $18 Ra8 48. Ke4 Re8+ 49. Kd3 Rf8 {and if ...Rf3+ works, Black does fine.} 50. Rb5+ ({Worse is} 50. Rxa4 Rf3+ 51. Ke4 Rxg3 $11) 50... Kc6 51. Ke3 Re8+ (51... Rf6 $16 52. Rg5 Kc7) 52. Kd4 $1 Rf8 $2 (52... Re1 53. Rg5 Rd1+ 54. Kc3 Rb1 55. Rxg6+ Kd7) 53. Rg5 Rf3 54. Rxg6+ Kd7 (54... Kb7 $142 55. Kc5 Rxa3 56. Rg7+ Kc8) 55. Kc5 Rxa3 56. Kb4 Ra1 57. Rg5 $2 (57. Ra6 Ke7 58. Rxa4 Rb1+ 59. Kc5) 57... a3 {Black hopes to continue with ...a2.} 58. c5 Kc6 59. Kb3 ({But not} 59. Rxh5 a2 $18) 59... a2 60. Rxh5 Rg1 61. Kxa2 {Rg5 is the strong threat.} Rxg3 $2 (61... Rg2+ 62. Kb1 Rxg3) 62. Rg5 Rh3 63. h5 Kd7 64. Kb2 Kc6 65. Kc2 Kd7 66. Kd2 Ke7 67. Rd5 Ke6 68. Rd6+ $1 Ke7 69. h6 Rh5 70. Ra6 Rxc5 {[#]} 71. Ra8 $1 {White mates.} Rd5+ 72. Kc3 Rc5+ 73. Kd4 Rh5 {[#]} 74. h7 $1 {[%mdl 512]} Rh4+ (74... Rxh7 75. Ra7+) 75. Ke3 Rh3+ 76. Kf2 Rh2+ 77. Kg1 Rxh7 78. Ra7+ Kf6 79. Rxh7 {Accuracy: White = 67%, Black = 44%.} 1-0

[Event "94th Paris-ch  2019"]
[Site "Paris"]
[Date "2019.07.13"]
[Round "8.7"]
[White "Fitzsimons, David"]
[Black "Guilleux, Fabien"]
[Result "1/2-1/2"]
[WhiteElo "2301"]
[BlackElo "2442"]
[Annotator "TA"]
[PlyCount "84"]
[EventDate "2019.07.07"]
[EventType "swiss"]
[EventCountry "FRA"]
[SourceTitle "playchess.com"]
[Source "ChessBase"]
[SourceQuality "1"]

{[%evp 11,84,18,23,19,31,15,25,18,35,27,28,35,35,35,44,43,35,7,45,52,56,11,37,0,59,55,95,86,81,77,91,75,112,106,201,201,204,202,222,179,188,156,176,120,119,131,180,176,227,191,277,230,182,114,119,58,113,108,106,51,60,0,67,67,65,65,84,44,36,0,0,-8,0,0,1222]} 1. e4 c5 2. Nf3 Nc6 3. Bb5 e6 4. O-O Nge7 5. d4 cxd4 6. Nxd4 Qb6 7. Nxc6 {B30: Sicilian: 2...Nc6 3 Bb5, lines without ...g6} bxc6 8. Bd3 Ng6 9. c4 {White has an edge.} Bc5 10. Nc3 Qc7 11. Na4 (11. Kh1 e5 12. Na4 Bd4 13. c5 d6 14. Be3 dxc5 15. Nxc5 Bxb2 {0-1 (56) Adams,M (2712)-Adhiban,B (2668) Douglas 2018}) 11... Bd4 12. c5 d6 $146 ({Predecessor:} 12... O-O 13. Kh1 e5 14. Bc4 d6 {0-1 (37) Vasquez Schroder,R (2553)-Ynojosa Aponte,F (2395) Medellin 2017}) 13. cxd6 Qxd6 14. Re1 e5 15. Be3 O-O 16. Rc1 Rd8 17. Bxd4 exd4 (17... Nf4 $1 $11) 18. Nc5 Nf4 19. Qd2 a5 20. b3 Qe5 {[#] aiming for ...Qg5!} 21. Red1 (21. Bf1 {keeps more tension.} Ne6 22. Nd3 Qc7 23. f4 Ba6 24. f5) 21... Rd6 22. g3 Ne6 (22... Nh3+ $16 23. Kg2 Rf6) 23. f4 $18 Qh5 24. Be2 Qh3 25. Bf1 Qh5 26. e5 Rd8 27. Nxe6 (27. Ne4 $18) 27... Bxe6 $16 28. Rxc6 a4 {[#]} 29. b4 $1 Qf3 (29... Rab8 $142 30. Be2 Qf5) 30. Bg2 Qa3 (30... Qe3+ {was worth a try.} 31. Qxe3 dxe3) 31. Rd6 Rab8 32. Qxd4 ({Don't do} 32. Rxd4 $6 Rxd4 33. Qxd4 h6 $14) (32. Bc6 $18) 32... Rf8 33. Qc5 ({Better is} 33. Bd5 $16) 33... Qxb4 (33... g6 $14) 34. Qxb4 Rxb4 35. a3 (35. Bd5 $16) 35... Rb3 $14 36. R6d3 (36. R1d3 $14) 36... h5 (36... Bf5 $11 37. Rf3 Rfb8) 37. Bc6 $36 {[%mdl 2048] White is pushing.} Bf5 $1 {[%cal Rf5d3]} 38. Rd8 {Black must now prevent Rxf8+.} g6 39. Bxa4 Rxa3 40. Be8 Kg7 {The position is equal.} 41. Rb8 Ra2 42. Rdd8 Ra8 $2 {[%mdl 40960] Accuracy: White = 53%, Black = 37%. . An unexpected result.} (42... Ra1+ $11 43. Kf2 Ra2+ 44. Kg1 Ra1+ 45. Kg2 Ra2+ 46. Kg1) 1/2-1/2

[Event "94th Paris-ch  2019"]
[Site "Paris"]
[Date "2019.07.13"]
[Round "8.8"]
[White "Anand Nadar"]
[Black "Samoun, Florent"]
[Result "1-0"]
[WhiteElo "2358"]
[BlackElo "2230"]
[Annotator "ChessBase"]
[PlyCount "121"]
[EventDate "2019.07.07"]
[EventType "swiss"]
[EventCountry "FRA"]
[SourceTitle "playchess.com"]
[Source "ChessBase"]
[SourceQuality "1"]
[TimeControl "5400+30"]

1. Nf3 {[%emt 0:00:00]} e6 {[%emt 0:00:00]} 2. c4 {[%emt 0:00:26]} Nf6 {[%emt 0:00:03]} 3. g3 {[%emt 0:00:14]} b6 {[%emt 0:01:52]} 4. Bg2 {[%emt 0:01:24]} Bb7 {[%emt 0:00:12]} 5. d4 {[%emt 0:03:23]} c5 {[%emt 0:03:40]} 6. d5 {[%emt 0:15:27]} exd5 {[%emt 0:03:13]} 7. Nh4 {[%emt 0:00:45]} g6 {[%emt 0:07:22]} 8. Nc3 {[%emt 0:04:04]} Bg7 {[%emt 0:01:30]} 9. cxd5 {[%emt 0:01:30]} O-O {[%emt 0:01:02]} 10. O-O {[%emt 0:00:13]} a6 {[%emt 0:04:46]} 11. a4 {[%emt 0:02:46]} d6 {[%emt 0:00:43]} 12. Nf3 {[%emt 0:03:05]} Nbd7 {[%emt 0:06:51]} 13. Nd2 {[%emt 0:08:45]} b5 {[%emt 0:05:04]} 14. axb5 {[%emt 0:01:09]} axb5 {[%emt 0:15:53]} 15. Rxa8 {[%emt 0:00:33]} Qxa8 {[%emt 0:02:08]} 16. Nxb5 {[%emt 0:00:15]} Nxd5 {[%emt 0:08:47]} 17. Nc4 {[%emt 0:11:49]} N7f6 {[%emt 0:04:31]} 18. Nbxd6 {[%emt 0:02:45]} Bc6 {[%emt 0:04:48]} 19. Ne5 {[%emt 0:02:05]} Nb4 {[%emt 0:05:31]} 20. Nxc6 {[%emt 0:03:09]} Nxc6 {[%emt 0:00:04]} 21. Qc2 {[%emt 0:11:40]} Nd4 {[%emt 0:02:24]} 22. Qxc5 {[%emt 0:04:29]} Nxe2+ {[%emt 0:00:45]} 23. Kh1 {[%emt 0:00:01]} Qa2 {[%emt 0:02:21]} 24. b4 {[%emt 0:09:36]} Nxc1 {[%emt 0:07:29]} 25. Rxc1 {[%emt 0:00:42]} h5 {[%emt 0:00:12]} 26. Bf3 {[%emt 0:03:07]} Qb2 {[%emt 0:00:35]} 27. Rc2 {[%emt 0:01:27]} Qb1+ {[%emt 0:00:14]} 28. Rc1 {[%emt 0:00:06]} Qb2 {[%emt 0:00:04]} 29. Rf1 {[%emt 0:03:16]} Nd7 {[%emt 0:00:57]} 30. Qb5 {[%emt 0:02:54]} Ne5 {[%emt 0:00:49]} 31. Nc4 {[%emt 0:00:20]} Nxc4 {[%emt 0:03:10]} 32. Qxc4 {[%emt 0:00:01]} Rb8 {[%emt 0:01:07]} 33. Bd5 {[%emt 0:00:38]} Rxb4 {[%emt 0:01:44]} 34. Bxf7+ {[%emt 0:00:38]} Kh7 {[%emt 0:00:31]} 35. Qc6 {[%emt 0:03:24]} Qf6 {[%emt 0:03:02]} 36. Qxf6 {[%emt 0:00:27]} Bxf6 {[%emt 0:00:05]} 37. Rd1 {[%emt 0:00:14]} Rd4 {[%emt 0:00:35]} 38. Rc1 {[%emt 0:00:17]} Rd2 {[%emt 0:00:28]} 39. f4 {[%emt 0:00:19]} Rd7 {[%emt 0:02:57]} 40. Bb3 {[%emt 0:00:12]} Kg7 {[%emt 0:00:54]} 41. Kg2 {[%emt 0:01:15]} h4 {[%emt 0:00:42]} 42. Rc5 {[%emt 0:01:01]} hxg3 {[%emt 0:00:18]} 43. hxg3 {[%emt 0:00:02]} Be7 {[%emt 0:01:33]} 44. Rc8 {[%emt 0:00:29]} Bd8 {[%emt 0:00:20]} 45. Rc5 {[%emt 0:01:14]} Be7 {[%emt 0:00:27]} 46. Rb5 {[%emt 0:00:06]} Bd8 {[%emt 0:00:41]} 47. Kh3 {[%emt 0:00:11]} Bf6 {[%emt 0:00:32]} 48. Kg4 {[%emt 0:00:06]} Bd8 {[%emt 0:00:27]} 49. Bc2 {[%emt 0:00:08]} Rc7 {[%emt 0:00:27]} 50. Rb8 {[%emt 0:00:35]} Rxc2 {[%emt 0:00:30]} 51. Rxd8 {[%emt 0:00:01]} Rc5 {[%emt 0:00:24]} 52. Re8 {[%emt 0:00:14]} Rc3 {[%emt 0:00:42]} 53. Kh4 {[%emt 0:00:28]} Kf6 {[%emt 0:00:30]} 54. Rf8+ {[%emt 0:00:38]} Kg7 {[%emt 0:00:12]} 55. Rb8 {[%emt 0:00:04]} Rc5 {[%emt 0:00:25]} 56. Rb7+ {[%emt 0:00:30]} Kf6 {[%emt 0:00:27]} 57. Rb6+ {[%emt 0:00:10]} Kf7 {[%emt 0:00:20]} 58. Kg4 {[%emt 0:01:41]} Ra5 {[%emt 0:00:21]} 59. Rb1 {[%emt 0:00:43]} Kf6 {[%emt 0:00:22]} 60. Re1 {[%emt 0:00:25]} g5 {[%emt 0:00:59]} 61. Re5 {[%emt 0:00:12]} 1-0